Philippine government and constitution / (Record no. 4537)
[ view plain ]
| 000 -LEADER | |
|---|---|
| fixed length control field | 00732nam a22002297i 4500 |
| 003 - CONTROL NUMBER IDENTIFIER | |
| control field | URS |
| 005 - DATE AND TIME OF LATEST TRANSACTION | |
| control field | 20251001091323.0 |
| 008 - FIXED-LENGTH DATA ELEMENTS--GENERAL INFORMATION | |
| fixed length control field | 160331c2004 ph ||||| |||| 00| 0 eng d |
| 020 ## - INTERNATIONAL STANDARD BOOK NUMBER | |
| International Standard Book Number | 9714204526 |
| 040 ## - CATALOGING SOURCE | |
| Description conventions | rda |
| Transcribing agency | URS |
| Language of cataloging | eng |
| 050 14 - LIBRARY OF CONGRESS CALL NUMBER | |
| Classification number | JE51 |
| Item number | .B43 2004 |
| 245 10 - TITLE STATEMENT | |
| Title | Philippine government and constitution / |
| Statement of responsibility, etc. | by Concepcion L. Bederio, [and four others]. |
| 264 #1 - PRODUCTION, PUBLICATION, DISTRIBUTION, MANUFACTURE, AND COPYRIGHT NOTICE | |
| Place of production, publication, distribution, manufacture | Meycauayan, Bulacan : |
| Name of producer, publisher, distributor, manufacturer | Trinitas Publishing, Inc., |
| Date of production, publication, distribution, manufacture, or copyright notice | [date of publication not identified]. |
| 264 #3 - PRODUCTION, PUBLICATION, DISTRIBUTION, MANUFACTURE, AND COPYRIGHT NOTICE | |
| Date of production, publication, distribution, manufacture, or copyright notice | ©2004. |
| 300 ## - PHYSICAL DESCRIPTION | |
| Extent | 262 pages ; |
| Dimensions | 26 cm. |
| 336 ## - CONTENT TYPE | |
| Source | rdacontent |
| Content type term | text |
| 337 ## - MEDIA TYPE | |
| Source | rdamedia |
| Media type term | unmediated |
| 338 ## - CARRIER TYPE | |
| Source | rdacarrier |
| Carrier type term | volume |
| 650 #0 - SUBJECT ADDED ENTRY--TOPICAL TERM | |
| Topical term or geographic name entry element | Constitutional law |
| Geographic subdivision | Philippines |
| 700 1# - ADDED ENTRY--PERSONAL NAME | |
| Personal name | Bederio, Concepcion L. |
| Relator term | author. |
| 942 ## - ADDED ENTRY ELEMENTS (KOHA) | |
| Koha item type | Filipiniana |
| Source of classification or shelving scheme | Library of Congress Classification |
| Withdrawn status | Source of classification or shelving scheme | Damaged status | Not for loan | Collection code | Home library | Current library | Shelving location | Date acquired | Source of acquisition | Total Checkouts | Full call number | Barcode | Date last seen | Price effective from | Koha item type | Date last checked out | Copy number | Total Renewals |
|---|---|---|---|---|---|---|---|---|---|---|---|---|---|---|---|---|---|---|
| Library of Congress Classification | Non-fiction | Antipolo College Library | Antipolo College Library | On Display | 05/18/2018 | Purchased | JQ 1424 .P5383 2004 | URSANT-00619 | 05/18/2018 | 05/18/2018 | Filipiniana | |||||||
| Library of Congress Classification | Non-fiction | Antipolo College Library | Antipolo College Library | On Display | 05/18/2018 | Purchased | JQ 1424 .P5383 2004 | URSANT-01647 | 05/18/2018 | 05/18/2018 | Filipiniana | |||||||
| Library of Congress Classification | Non-fiction | Antipolo College Library | Antipolo College Library | On Display | 05/18/2018 | Purchased | JQ 1424 .P5383 2004 | URSANT-00616 | 05/23/2018 | 05/18/2018 | Filipiniana | |||||||
| Library of Congress Classification | Non-fiction | Antipolo College Library | Antipolo College Library | On Display | 05/18/2018 | Purchased | JQ 1424 .P5383 2004 | URSANT-00620 | 05/23/2018 | 05/18/2018 | Filipiniana | |||||||
| Library of Congress Classification | Non-fiction | Antipolo College Library | Antipolo College Library | On Display | 05/18/2018 | Purchased | JQ 1424 .P5383 2004 | URSANT-00621 | 05/23/2018 | 05/18/2018 | Filipiniana | |||||||
| Library of Congress Classification | Non-fiction | Antipolo College Library | Antipolo College Library | On Display | 05/18/2018 | Purchased | JQ 1424 .P5383 2004 | URSANT-00622 | 05/23/2018 | 05/18/2018 | Filipiniana | |||||||
| Library of Congress Classification | Non-fiction | Antipolo College Library | Antipolo College Library | On Display | 05/18/2018 | Purchased | JQ 1424 .P5383 2004 | URSANT-00623 | 05/23/2018 | 05/18/2018 | Filipiniana | |||||||
| Library of Congress Classification | Non-fiction | Antipolo College Library | Antipolo College Library | On Display | 05/18/2018 | Purchased | JQ 1424 .P5383 2004 | URSANT-00624 | 05/23/2018 | 05/18/2018 | Filipiniana | |||||||
| Library of Congress Classification | Non-fiction | Antipolo College Library | Antipolo College Library | On Display | 05/18/2018 | Purchased | JQ 1424 .P5383 2004 | URSANT-00626 | 05/23/2018 | 05/18/2018 | Filipiniana | |||||||
| Library of Congress Classification | Non-fiction | Antipolo College Library | Antipolo College Library | On Display | 05/18/2018 | Purchased | JQ 1424 .P5383 2004 | URSANT-00628 | 05/23/2018 | 05/18/2018 | Filipiniana | |||||||
| Library of Congress Classification | Non-fiction | Antipolo College Library | Antipolo College Library | On Display | 05/18/2018 | Purchased | JQ 1424 .P5383 2004 | URSANT-00629 | 05/23/2018 | 05/18/2018 | Filipiniana | |||||||
| Library of Congress Classification | Non-fiction | Antipolo College Library | Antipolo College Library | On Display | 05/18/2018 | Purchased | JQ 1424 .P5383 2004 | URSANT-00630 | 05/23/2018 | 05/18/2018 | Filipiniana | |||||||
| Library of Congress Classification | Non-fiction | Antipolo College Library | Antipolo College Library | On Display | 05/18/2018 | Purchased | JQ 1424 .P5383 2004 | URSANT-00631 | 05/23/2018 | 05/18/2018 | Filipiniana | |||||||
| Library of Congress Classification | Non-fiction | Antipolo College Library | Antipolo College Library | On Display | 05/18/2018 | Purchased | JQ 1424 .P5383 2004 | URSANT-01640 | 05/23/2018 | 05/18/2018 | Filipiniana | |||||||
| Library of Congress Classification | Non-fiction | Antipolo College Library | Antipolo College Library | On Display | 05/18/2018 | Purchased | JQ 1424 .P5383 2004 | URSANT-01641 | 05/23/2018 | 05/18/2018 | Filipiniana | |||||||
| Library of Congress Classification | Non-fiction | Antipolo College Library | Antipolo College Library | On Display | 05/18/2018 | Purchased | JQ 1424 .P5383 2004 | URSANT-01642 | 05/23/2018 | 05/18/2018 | Filipiniana | |||||||
| Library of Congress Classification | Non-fiction | Antipolo College Library | Antipolo College Library | On Display | 05/18/2018 | Purchased | JQ 1424 .P5383 2004 | URSANT-01643 | 05/23/2018 | 05/18/2018 | Filipiniana | |||||||
| Library of Congress Classification | Non-fiction | Antipolo College Library | Antipolo College Library | On Display | 05/18/2018 | Purchased | JQ 1424 .P5383 2004 | URSANT-01644 | 05/23/2018 | 05/18/2018 | Filipiniana | |||||||
| Library of Congress Classification | Non-fiction | Antipolo College Library | Antipolo College Library | On Display | 05/18/2018 | Purchased | JQ 1424 .P5383 2004 | URSANT-01645 | 05/23/2018 | 05/18/2018 | Filipiniana | |||||||
| Library of Congress Classification | Non-fiction | Antipolo College Library | Antipolo College Library | On Display | 05/18/2018 | Purchased | JQ 1424 .P5383 2004 | URSANT-01646 | 05/23/2018 | 05/18/2018 | Filipiniana | |||||||
| Library of Congress Classification | Non-fiction | Antipolo College Library | Antipolo College Library | On Display | 05/18/2018 | Purchased | JQ1424 .P5383 2004 | URSANT-01648 | 05/23/2018 | 05/18/2018 | Filipiniana | |||||||
| Library of Congress Classification | Non-fiction | Antipolo College Library | Antipolo College Library | On Display | 05/18/2018 | Purchased | JQ1424 .P5383 2004 | URSANT-01649 | 05/23/2018 | 05/18/2018 | Filipiniana | |||||||
| Library of Congress Classification | Non-fiction | Antipolo College Library | Antipolo College Library | On Display | 05/18/2018 | Purchased | JQ1424 .P5383 2004 | URSANT-00625 | 05/26/2018 | 05/18/2018 | Filipiniana | |||||||
| Library of Congress Classification | Non-fiction | Antipolo College Library | Antipolo College Library | On Display | 05/18/2018 | Purchased | JQ1424 .P5383 2004 | URSANT-00632 | 05/26/2018 | 05/18/2018 | Filipiniana | |||||||
| Library of Congress Classification | Non-fiction | Antipolo College Library | Antipolo College Library | On Display | 05/18/2018 | Purchased | JQ 1424 .P5383 2004 | URSANT-00618 | 05/26/2018 | 05/18/2018 | Filipiniana | |||||||
| Library of Congress Classification | Non-fiction | Antipolo College Library | Antipolo College Library | On Display | 05/18/2018 | Purchased | JQ 1424 .P5383 2004 | URSANT-00617 | 06/19/2019 | 05/18/2018 | Filipiniana | |||||||
| Cardona College LIbrary | Cardona College LIbrary | 08/22/2017 | JQ 1415 .A5 .P538 2004 | URSCAR-425 | 08/22/2017 | 08/22/2017 | Filipiniana | |||||||||||
| Cardona College LIbrary | Cardona College LIbrary | 08/22/2017 | JQ 1415 .A5 .P538 2004 | URSCAR-426 | 08/22/2017 | 08/22/2017 | Filipiniana | |||||||||||
| Cardona College LIbrary | Cardona College LIbrary | 08/22/2017 | JQ 1415 .A5 .P538 2004 | URSCAR-427 | 08/22/2017 | 08/22/2017 | Filipiniana | |||||||||||
| Cardona College LIbrary | Cardona College LIbrary | 08/22/2017 | JQ 1415 .A5 .P538 2004 | URSCAR-428 | 08/22/2017 | 08/22/2017 | Filipiniana | |||||||||||
| Cardona College LIbrary | Cardona College LIbrary | 08/22/2017 | JQ 1415 .A5 .P538 2004 | URSCAR-429 | 08/22/2017 | 08/22/2017 | Filipiniana | |||||||||||
| Cardona College LIbrary | Cardona College LIbrary | 08/22/2017 | JQ 1415 .A5 .P538 2004 | URSCAR-430 | 08/22/2017 | 08/22/2017 | Filipiniana | |||||||||||
| Cardona College LIbrary | Cardona College LIbrary | 08/22/2017 | JQ 1415 .A5 .P538 2004 | URSCAR-431 | 08/22/2017 | 08/22/2017 | Filipiniana | |||||||||||
| Cardona College LIbrary | Cardona College LIbrary | 08/22/2017 | JQ 1415 .A5 .P538 2004 | URSCAR-432 | 08/22/2017 | 08/22/2017 | Filipiniana | |||||||||||
| Cardona College LIbrary | Cardona College LIbrary | 08/22/2017 | JQ 1415 .A5 .P538 2004 | URSCAR-433 | 08/22/2017 | 08/22/2017 | Filipiniana | |||||||||||
| Cardona College LIbrary | Cardona College LIbrary | 08/22/2017 | JQ 1415 .A5 .P538 2004 | URSCAR-434 | 08/22/2017 | 08/22/2017 | Filipiniana | |||||||||||
| Cardona College LIbrary | Cardona College LIbrary | 08/22/2017 | JQ 1415 .A5 .P538 2004 | URSCAR-435 | 08/22/2017 | 08/22/2017 | Filipiniana | |||||||||||
| Cardona College LIbrary | Cardona College LIbrary | 08/22/2017 | JQ 1415 .A5 .P538 2004 | URSCAR-436 | 08/22/2017 | 08/22/2017 | Filipiniana | |||||||||||
| Cardona College LIbrary | Cardona College LIbrary | 08/22/2017 | JQ 1415 .A5 .P538 2004 | URSCAR-437 | 08/22/2017 | 08/22/2017 | Filipiniana | |||||||||||
| Cardona College LIbrary | Cardona College LIbrary | 08/22/2017 | JQ 1415 .A5 .P538 2004 | URSCAR-438 | 08/22/2017 | 08/22/2017 | Filipiniana | |||||||||||
| Cardona College LIbrary | Cardona College LIbrary | 08/22/2017 | JQ 1415 .A5 .P538 2004 | URSCAR-439 | 08/22/2017 | 08/22/2017 | Filipiniana | |||||||||||
| Cardona College LIbrary | Cardona College LIbrary | 08/22/2017 | JQ 1415 .A5 .P538 2004 | URSCAR-1291 | 08/22/2017 | 08/22/2017 | Filipiniana | |||||||||||
| Cardona College LIbrary | Cardona College LIbrary | 08/22/2017 | JQ 1415 .A5 .P538 2004 | URSCAR-1292 | 08/22/2017 | 08/22/2017 | Filipiniana | |||||||||||
| Cardona College LIbrary | Cardona College LIbrary | 08/22/2017 | JQ 1415 .A5 .P538 2004 | URSCAR-1293 | 08/22/2017 | 08/22/2017 | Filipiniana | |||||||||||
| Cardona College LIbrary | Cardona College LIbrary | 08/22/2017 | JQ 1415 .A5 .P538 2004 | URSCAR-1294 | 08/22/2017 | 08/22/2017 | Filipiniana | |||||||||||
| Library of Congress Classification | Non-fiction | Morong Graduate Library | Morong Graduate Library | 04/07/2025 | KF5624.1 .P538 2004 | URSMOR-GL-5047 | 04/07/2025 | 04/07/2025 | Filipiniana | |||||||||
| Library of Congress Classification | Non-fiction | Pililla College Library | Pililla College Library | General Stacks | 07/20/2017 | 3 | 342.599 P53 2004 | URSPIL-486 | 05/31/2019 | 07/20/2017 | Filipiniana | 09/05/2019 | 1 | |||||
| Library of Congress Classification | Non-fiction | Pililla College Library | Pililla College Library | General Stacks | 07/20/2017 | 3 | 342.599 P53 2004 | URSPIL-488 | 05/31/2019 | 07/20/2017 | Filipiniana | 01/25/2019 | 2 | |||||
| Library of Congress Classification | Non-fiction | Pililla College Library | Pililla College Library | General Stacks | 07/20/2017 | 342.599 P53 2004 | URSPIL-490 | 05/31/2019 | 07/20/2017 | Filipiniana | 3 | |||||||
| Library of Congress Classification | Non-fiction | Pililla College Library | Pililla College Library | General Stacks | 07/20/2017 | 342.599 P53 2004 | URSPIL-491 | 05/31/2019 | 07/20/2017 | Filipiniana | 4 | |||||||
| Library of Congress Classification | Non-fiction | Tanay College Library | Tanay College Library | General Stacks | 01/09/2015 | JE51 .B43 2004 | URSTAN-N577 | 06/14/2018 | 01/09/2015 | Filipiniana | ||||||||
| Library of Congress Classification | Non-fiction | Tanay College Library | Tanay College Library | Reserve Section | 02/18/2015 | JE 51 B43 2007 | URSTAN-N580 | 12/06/2018 | 02/18/2015 | Filipiniana | ||||||||
| Library of Congress Classification | Non-fiction | Tanay College Library | Tanay College Library | General Stacks | 02/18/2015 | JE 51 B43 2007 | URSTAN-N585 | 02/18/2015 | 02/18/2015 | Filipiniana | ||||||||
| Library of Congress Classification | Non-fiction | Tanay College Library | Tanay College Library | General Stacks | 03/19/2015 | JE51 B43 2004 | URSTAN-N581 | 03/19/2015 | 03/19/2015 | Filipiniana | ||||||||
| Library of Congress Classification | Non-fiction | Tanay College Library | Tanay College Library | General Stacks | 04/21/2015 | JE51 B43 2004 | URSTAN-N534 | 12/04/2018 | 04/21/2015 | Filipiniana | ||||||||
| Library of Congress Classification | Non-fiction | Tanay College Library | Tanay College Library | General Stacks | 04/01/2016 | JE51 B43 2004 | URSTAN-N310 | 04/01/2016 | 04/01/2016 | Filipiniana | ||||||||
| Library of Congress Classification | Non-fiction | Tanay College Library | Tanay College Library | General Stacks | 04/06/2016 | JE51 B43 2004 | URSTAN-N579 | 04/06/2016 | 04/06/2016 | Filipiniana | ||||||||
| Library of Congress Classification | Tanay College Library | Tanay College Library | General Stacks | 01/22/2020 | JE51 .B43 2004 | URSTAN-N578 | 01/22/2020 | 01/22/2020 | Filipiniana | |||||||||
| Library of Congress Classification | Tanay College Library | Tanay College Library | General Stacks | 01/22/2020 | 1 | JE51 .B43 2004 | URSTAN-N311 | 08/23/2021 | 01/22/2020 | Filipiniana | 09/29/2020 | 4 | ||||||
| Library of Congress Classification | Tanay College Library | Tanay College Library | General Stacks | 01/22/2020 | JE51 .B43 2004 | URSTAN-N309 | 01/22/2020 | 01/22/2020 | Filipiniana | |||||||||
| Library of Congress Classification | Tanay College Library | Tanay College Library | 06/23/2023 | JE51 .B43 2004 | URSTAN-D2142 | 06/23/2023 | 06/23/2023 | Filipiniana |